Countries by Proven Oil Reserves - Statistics

General Stats
  • This quiz has been taken 23 times
  • The average score is 15 of 20
Answer Stats
Millions of
Barrels
Country % Correct
209.000 Iran
100%
201.000 Iraq
100%
80.000 Russia
100%
267.000 Saudi Arabia
100%
170.000 Canada
95%
26.000 China
95%
113.000 United ArabEmirates
95%
74.000 United States
95%
13.000 Brazil
90%
25.000 Qatar
85%
304.000 Venezuela
85%
102.000 Kuwait
80%
37.000 Nigeria
80%
30.000 Kazakhstan
75%
12.000 Algeria
70%
50.000 Libya
60%
8.300 Ecuador
50%
30.000 Somalia
50%
11.000 Guyana
20%
11.000 Namibia
20%
No matching quizzes found
Score Distribution
Percent of People with Each Score
Percentile by Number Answered
Your Score History
You have not taken this quiz